LEADER 01356nam 2200385 450 001 000013528 005 20050718115500.0 100 $a20030520d1984----km-y0itay0103----ba 101 0 $aita 102 $aIT 200 1 $aEidologia informatica$eimmagini e computer$fPietro Morasso, Vincenzo Tagliasco 210 $aRoma$cNIS$d1984 215 $a254 p.$cill.$d24 cm. 225 2 $a<> manuali 410 0$12001$a<> manuali 606 $aElaboratori elettronici$xGrafica 676 $a004$v(21. ed.)$9Elaborazione dei dati. Scienza degli elaboratori. Informatica 700 1$aMorasso,$bPietro$053594 701 1$aTagliasco,$bVincenzo$021049 801 0$aIT$bUniversità della Basilicata - B.I.A.$gRICA$2unimarc 912 $a000013528 996 $aEidologia informatica$981447 997 $aUNIBAS BAS $aMONING BAS $aINGEGNERIA CAT $aSTD024$b01$c20030520$lBAS01$h1244 CAT $aTORRE$b20$c20050405$lBAS01$h1328 CAT $aTORRE$b20$c20050405$lBAS01$h1346 CAT $c20050601$lBAS01$h1755 CAT $abatch$b01$c20050718$lBAS01$h1051 CAT $c20050718$lBAS01$h1111 CAT $c20050718$lBAS01$h1141 CAT $c20050718$lBAS01$h1155 FMT Z30 -1$lBAS01$LBAS01$mBOOK$1BASA2$APolo Tecnico-Scientifico$2DID$BDidattica$3PTS.s3.p24.3$651587$5I51587$820030520$f04$FPrestabile Didattica LEADER 01069nam0-22002891i-450 001 990005354040403321 005 20230912142555.0 035 $a000535404 035 $aFED01000535404 035 $a(Aleph)000535404FED01 035 $a000535404 100 $a19990530f---0---9km-y0itay50------ba 101 0 $aita 105 $af-------00--- 200 1 $aRegione XI$eTranspadana. I Pollenzio$eLa Necropoli in contrada Pedaggera+$eRapporto sulle campagne di scavo di settembre - ottobre 1934 - XIII e del maggio - giugno 1936 - XIV$fGennaro Pesce 210 $as.l.$cs.e.$ds.d. 215 $aP. 374 - 392$d29 tav.$d25 cm 300 $aEstratto da: Atti della Reale Accademia Nazionale dei Lincei. Notizie degli scavi di antichita, vol. XII, serie VI, fascicoli 10 11 e 12 700 1$aPesce,$bGennaro$0206328 712 0 $aAccademia nazionale dei Lincei 801 0$aIT$bUNINA$gRICA$2UNIMARC 901 $aBK 912 $a990005354040403321 952 $aARCH. BM MISC. 057 (22)$bARCH. 14496$fFLFBC 959 $aFLFBC 996 $aRegione XI$9599262 997 $aUNINA